Statistics for Name the Author (Fantasy)

Click here to take the quiz!

General Stats

  • This quiz has been taken 45 times
  • The average score is 10 of 18

Answer Stats

HintAnswer% Correct
The HobbitJ. R. R. Tolkien
100%
Harry Potter and the Philosopher's StoneJ. K. Rowling
97%
The Lion, the Witch and the WardrobeC. S. Lewis
91%
Alice's Adventures in WonderlandLewis Carroll
88%
A Game of ThronesGeorge R. R. Martin
85%
Northern Lights (The Golden Compass)Philip Pullman
64%
The Wonderful Wizard of OzL. Frank Baum
61%
American GodsNeil Gaiman
55%
A Wrinkle in TimeMadeleine L'Engle
52%
Peter PanJ. M. Barrie
48%
The GunslingerStephen King
48%
A Wizard of EarthseaUrsula K. Le Guin
48%
EragonChristopher Paolini
42%
The Name of the WindPatrick Rothfuss
36%
Artemis FowlEoin Colfer
33%
Watership DownRichard Adams
33%
The Last UnicornPeter S. Beagle
21%
The Lies of Locke LamoraScott Lynch
21%

Score Distribution

Percentile by Number Answered

Percent of People with Each Score

Your Score History

You have not taken this quiz